| 000 | 00664cam a22001817a 4500 | ||
|---|---|---|---|
| 020 | _a9054101725 | ||
| 082 | 0 | 0 |
_a624.11 _bGEO _cL-37, P-129 |
| 245 | 0 | 0 |
_aGeotextiles and geomembranes in civil engineering / _cedited by Gerard P.T.M. Van Santvoort. |
| 250 | _aRev. ed. | ||
| 260 |
_aRotterdam [Netherlands] ; _aBrookfield [VT] : _bA.A. Balkema, _c1994. |
||
| 300 |
_axi, 595 p. : _bill. ; _c26 cm. |
||
| 526 |
_a0 _b0 _c0 _d624_110000000000000_GEO |
||
| 650 | 0 |
_aGeomembranes. _947184 |
|
| 650 | 0 |
_aGeotextiles. _942723 |
|
| 700 | 1 |
_aVan Santvoort, Gerard P. T. M. _942499 |
|
| 856 | 4 | 2 | _uhttp://www.loc.gov/catdir/enhancements/fy0916/99226642-d.html |
| 942 |
_2ddc _cBK |
||
| 999 |
_c550478 _d550478 |
||